|
|
|
|
| LEADER |
00696nab a2200169 i 4500 |
| 001 |
delm69622 |
| 005 |
20180927153736.0 |
| 008 |
180927s1965 hu o 0|| hun d |
| 040 |
|
|
|a SZTE Délmagyarország Archívum
|b hun
|
| 041 |
|
|
|a hun
|
| 100 |
1 |
|
|a Simai Mihály
|
| 245 |
1 |
0 |
|a Épül az AKOV és az Autójavító új telepe
|h [elektronikus dokumentum] :
|b a növekedés gondjai : korszerű szervizpálya : jobb munka- és szociális körülmények : kísérleti üzemrész : [kép] /
|c Simai Mihály
|
| 260 |
|
|
|c 1965-05-28
|
| 300 |
|
|
|a 1
|
| 490 |
0 |
|
|a Délmagyarország
|v 55 No. 124
|
| 695 |
|
|
|a Autójavító Vállalat, Szolgáltatóipar fejlesztés 1965
|
| 700 |
0 |
2 |
|a Somogyi Károlyné Neurohr Magdolna
|e aut
|